| 000 | 03110nam a2200445 a 4500 | ||
|---|---|---|---|
| 003 | CHAP | ||
| 005 | 20240814141704.0 | ||
| 007 | cr ||||||a|c|a | ||
| 008 | 101022s2010 mx r 00010 spa d | ||
| 035 | _a111177 | ||
| 040 | _cCHAP | ||
| 090 | _aTesis | ||
| 100 | 1 |
_aGutiérrez García, Francisco Gerardo. _951691 |
|
| 245 | 1 | 0 |
_aRelación beneficio - costo de la diabetes en México _c/por Francisco Gerardo Gutíerrez García; director Miguel Ángel Martínez Damían |
| 264 |
_aChapingo, Méx. : _bEl autor, _c2010. |
||
| 300 |
_a1 recurso en línea (72 páginas): _bCuadros, figuras, graficas |
||
| 336 |
_2rdacontent _atexto _btxt |
||
| 337 |
_2rdamedia _acomputadora _bc |
||
| 338 |
_2rdacarrier _arecursos en linea _bcr |
||
| 502 |
_cDICEA _d2010 _gMAE _bMCEARN |
||
| 520 | _aEn la actualidad en materia de salud existen grandes retos por parte de los sistemas de salud de muchos países, y problemas sanitarios y económicos derivados de la gran epidemia de enfermedades transmisibles y no transmisibles como la Diabetes Mellitus. La diabetes representa uno de los principales problemas de salud pública en México. Nuestro país se ubica entre los de mayor número de casos registrados en el ámbito mundial. El presente estudio tiene como objetivo principal estimar la relación beneficio costo de la diabetes en México, la cual se logró obtener mediante una metodología que estimó el beneficio derivado de la prevención y el costo del tratamiento de la enfermedad una vez obtenida. Los resultados mostraron una relación beneficio costo de 6.9, la cual es mayor a 1 y nos muestra la viabilidad de la prevención. La estimación de los costos por concepto de tratamiento preventivo fue de $16, 963, 884,000. En lo que se refiere a la estimación del beneficio obtenido de la medida preventiva fue de $117, 080, 256, 000. También se realizó un análisis de sensibilidad y se obtuvo una tolerancia de aumento de costos de hasta un 550% y una tolerancia en la disminución de los beneficios de hasta un 85%. La prevención de la enfermedad en este caso resulta ser más barata que el costo del tratamiento una vez detectado, además provee múltiples beneficios indirectos en la economía nacional y en la mejora de la calidad de vida de las personas. | ||
| 590 |
_aALEPH _b10 _c20130110 |
||
| 590 |
_aBATCH-UPD _b10 _c20130110 |
||
| 590 |
_aBATCH-UPD _b10 _c20130410 |
||
| 590 |
_aBATCH-UPD _b10 _c20130914 |
||
| 590 |
_aBATCH-UPD _b10 _c20140324 |
||
| 590 |
_aBATCH-UPD _b10 _c20141002 |
||
| 590 |
_aCONVERSION _b10 _c20130109 |
||
| 650 | 0 | 4 |
_aCostos y nivel de vida _zMéxico. _928549 |
| 650 | 0 | 4 |
_aDiabetes. _932381 |
| 650 | 0 | 4 |
_aSalud pública _zMéxico. _9101844 |
| 700 | 1 |
_aMartínez Damián, Miguel Ángel _971963 _eDirector de tesis |
|
| 856 |
_uhttp://10.13.5.2/tesis/111177.pdf _zDESCARGAR PDF |
||
| 901 | _aBK | ||
| 942 |
_cTD _2Clasificación de la Universidad Autónoma Chapingo |
||
| 949 |
_bBC _cTES _d33724002211520 _eTS1 _gDonaciØn _h51263 _i111177 _sb |
||
| 949 |
_bBC _cTES _d33724002211561 _eTS2 _fc.2 _gDonaciØn _h51264 _i111177 _sb |
||
| 999 |
_c99519 _d99519 |
||